01146nam a2200265 a 450000100100000000500170001000800410002702000150006804000250008308200130010824502570012126000480037830000340042650000480046050400280050870000280053670000300056470000330059470000300062770000380065770000310069570000250072695201120075199900170086300004196120201002035844.0131024s1997 xxuaf 001 0 spa d a0393045633 aDO-SdBNPbengcBNPHU axxxbxxx04aThe library of congress. :bthe art and architecture of the Thomas Jefferson Building /cedited, John Y. Cole, Henry Hope Reed; preface, Arthur Ross; foreword, James H. Billington; introductions, Daniel J. Boorstin, Brendan Gill; photography, Anne Day. aNew York, Estados Unidos, :bNorton,c1997. a320 p. :bil., lam. ;c31 cm. aIn association with the library of congress aBibliography p: 304-3051 aDay, Anneephot.9688811 aCole, John Y.eed.9688821 aHope Reed, Henryeed.9688831 aRoss, Arthurepre.9688841 aBillington, James H.efor.9688851 aBoorstin, Daniel J.9688861 aGill, Brendan968887 0010507-18MOaGRbGRcOId2013-10-24iLF1l0oxxx xxxp41961-10r2020-06-25w2020-06-25y1ZNo se presta c41450d41450